Industrial Control Systems Design

Na minha lista:
Detalhes bibliográficos
Autor principal: Grimble, Michael J (Author)
Formato: Livro
Idioma:inglês
Publicado em: Chichester : John Wiley & Sons, 2001
Tags: Adicionar Tag
Sem tags, seja o primeiro a adicionar uma tag!

MARC

LEADER 00000nam a22000003a 4500
001 stu76450
005 20190206124422.4
008 020704s2001----uk------------------eng-d
020 |a 0-47149225-6 
040 |a STU  |b slo 
041 0 |a eng 
044 |a uk 
080 |a 681.51 
080 |a 519.71  |7 stu_us_auth*stu8254 
080 |a 681.322.06 
080 |a 658.5.011.56 
084 |a C1210  |2 INS 
084 |a C1340D  |2 INS 
084 |a C3350  |2 INS  |7 stu_us_auth*stu6806 
084 |a C3355  |2 INS 
084 |a C7420  |2 INS 
100 1 |a Grimble, Michael J  |4 aut 
245 1 |a Industrial Control Systems Design 
260 |a Chichester :  |b John Wiley & Sons,  |c 2001 
300 |a 621 s 
996 |b 284EK84510  |c E*84510  |l EE30  |s P  |a 0  |w stu76450_0001